Starting Ohio State Football QB's since 1968 - Statistics

General Stats
  • This quiz has been taken 13 times
  • The average score is 18 of 69
Answer Stats
Year Quarterback Games
Started
Passing
Yards
Head
Coach
% Correct
2022 C.J. Stroud 13 3688 Day
85%
2021 C.J. Stroud 12 4435 Day
85%
2020 Justin Fields 8 2100 Day
85%
2019 Justin Fields 14 3273 Day
85%
2024 Will Howard 16 4010 Day
69%
2025 Julian Sayin 14 3610 Day
62%
2018 Dwayne Haskins 14 4831 Day/Meyer
54%
2017 J.T. Barrett 14 3053 Meyer
54%
2016 J.T. Barrett 13 2555 Meyer
54%
2015 J.T. Barrett 11 992 Meyer
54%
2014 J.T. Barrett 12 2834 Meyer
54%
2023 Kyle McCord 12 3170 Day
54%
2006 Troy Smith 13 2542 Tressel
54%
2005 Troy Smith 11 2282 Tressel
54%
2004 Troy Smith 8 896 Tressel
54%
2015 Cardale Jones 10 1460 Meyer
38%
2014 Cardale Jones 10 746 Meyer
38%
2010 Terrelle Pryor 13 2772 Tressel
38%
2009 Terrelle Pryor 13 2094 Tressel
38%
2008 Terrelle Pryor 13 1311 Tressel
38%
2013 Braxton Miller 12 2094 Meyer
31%
2012 Braxton Miller 12 2039 Meyer
31%
2011 Braxton Miller 12 1159 Fickell
31%
2008 Todd Boeckman 8 620 Tressel
31%
2007 Todd Boeckman 13 2379 Tressel
31%
2005 Justin Zwick 7 359 Tressel
23%
2004 Justin Zwick 7 1209 Tressel
23%
1992 Kirk Herbstreit 11 1904 Cooper
23%
1997 Stanley Jackson 12 1021 Cooper
23%
1996 Stanley Jackson 11 1239 Cooper
23%
1995 Bobby Hoying 12 3023 Cooper
15%
1994 Bobby Hoying 12 2155 Cooper
15%
1993 Bobby Hoying 11 1515 Cooper
15%
2003 Craig Krenzel 11 2040 Tressel
15%
2002 Craig Krenzel 14 2110 Tressel
15%
2011 Joe Bauserman 6 492 Fickell
15%
1998 Joe Germaine 11 3108 Cooper
15%
1997 Joe Germaine 12 1674 Cooper
15%
1996 Joe Germaine 11 1062 Cooper
15%
2001 Steve Bellisari 9 1599 Tressel
15%
2000 Steve Bellisari 11 2162 Cooper
15%
1999 Steve Bellisari 12 1616 Cooper
15%
1981 Art Schlichter 11 2392 Bruce
8%
1980 Art Schlichter 11 1628 Bruce
8%
1979 Art Schlichter 11 1519 Bruce
8%
1978 Art Schlichter 11 1045 Hayes
8%
1975 Cornelius Greene 11 976 Hayes
8%
1974 Cornelius Greene 11 846 Hayes
8%
1973 Cornelius Greene 10 214 Hayes
8%
1971 Don Lamka 9 718 Hayes
8%
1990 Greg Frey 11 1952 Cooper
8%
1989 Greg Frey 11 1900 Cooper
8%
1988 Greg Frey 11 2028 Cooper
8%
1973 Greg Hare 10 224 Hayes
8%
1972 Greg Hare 10 751 Hayes
8%
1986 Jim Karsatos 12 1927 Bruce
8%
1985 Jim Karsatos 11 2115 Bruce
8%
1991 Kent Graham 10 1018 Cooper
8%
1984 Mike Tomczak 11 1662 Bruce
8%
1983 Mike Tomczak 11 1716 Bruce
8%
1982 Mike Tomczak 11 1470 Bruce
8%
1970 Rex Kern 9 430 Hayes
8%
1969 Rex Kern 8 1002 Hayes
8%
1968 Rex Kern 8 871 Hayes
8%
1977 Rod Gerald 11 913 Hayes
8%
1987 Tom Tupa 11 1786 Bruce
8%
1976 Jim Pacenta 11 404 Hayes
0%
2013 Kenny Guiton 8 749 Meyer
0%
1970 Ron Maciejowski 8 362 Hayes
0%
No matching quizzes found
Score Distribution
Percent of People with Each Score
Percentile by Number Answered
Your Score History
You have not taken this quiz